| 000 | 00365nam a22001577a 4500 | ||
|---|---|---|---|
| 999 |
_c522597 _d522597 |
||
| 003 | NUST | ||
| 020 | _a9780553279269 | ||
| 038 | _awaseem | ||
| 082 |
_a032 _bGUI |
||
| 100 |
_aGuinness _912640 |
||
| 245 |
_aGuinness Book of World Record / _cGuinness |
||
| 260 |
_aNew York : _bSterling, _c1989. |
||
| 300 | _a692 p. ; | ||
| 500 | _aPaperback. | ||
| 942 |
_2ddc _cBK |
||